Mit nyujt a nemzeti biztosítás

Bibliographic Details
Main Authors: Cipro, Václav, 1895-1966 (Author), Mařík, Jaromír (Author)
Other Authors: Takács, Sándor (Translator)
Format: Book
Language:Hungarian
Czech
PhysicalDescription:202, [2] s. V. 8°
Published: Bratislava Práca 1951
Series:A dolgozók könyvtára
Subjects:

MARC

LEADER 00000cam a2200000 a 4500
001 vtls008366621
003 SK-MaSNL
005 20260302074600.0
008 251031s1951 xo 000 0 hun
015 |a SNBA19451955-001376 
035 |a SK01SNKBKSFS20010058838 
035 |a SKM000061301 
040 |a SNK  |b slo  |c SNK  |e AACR2 
041 1 |a hun  |h cze 
044 |a xo  |c SK 
080 |a 368  |2 1981 
100 1 |a Cipro, Václav,  |d 1895-1966  |4 aut  |9 113564 
240 1 0 |a 200 otázek a odpovědí z národního pojištění  |l Maďarsky 
245 1 0 |a Mit nyujt a nemzeti biztosítás  |c Václav Cipro, Jaromír Mařík ; ford. Takács Sándor 
260 |a Bratislava  |b Práca  |c 1951  |e Košice  |f Práca 
300 |a 202, [2] s.  |c V. 8° 
366 |e 5500 výtl. 
490 1 |a A dolgozók könyvtára  |v 1. köt. 
500 |a Preložené z češtiny 
650 0 7 |a národné poistenie  |2 SNKPH  |9 308964 
655 7 |a príručky  |2 SNKPH  |9 74364 
700 1 |a Mařík, Jaromír  |4 aut  |9 308313 
700 1 |a Takács, Sándor  |4 trl  |9 308966 
830 0 |a A dolgozók könyvtára  |9 740413 
852 |a Slovenská národná knižnica 
958 |a OND 
958 |a RK 
958 |a TL 
999 |c 1165595  |d 1167525 
952 |a SNK  |b SNK  |y VYP  |7 0  |p 17A0887095  |o snkSD 7837/1 D1  |i snkF 4253/63  |8 5  |0 0  |1 0  |4 0  |d 2012-02-13  |l 0  |r 2026-02-24 20:47:36  |w 2026-02-24